SUCCESS : the PSYCHOLOGY of ACHIEVEMENT / /

Bibliographic Details
Main Author: Olson, Deborah A (Author)
Other Authors: Hagan, Keith, Kaye, Megan
Format: Book
Language:English
Subjects:
LEADER 01229cam a2200373 7i4500
001 0000069531
005 20200922090000.0
005 ##20200922095600.0
003 ##MY-KlINT
008 200921t20172017xxka g 001 0 eng d
020 # # |a 9780241229606  
039 # 9 |a 202009220956  |b Amir  |c 202009211428  |d rozila  |y 202009211426  |z rozila 
040 # # |a ELMU 
082 0 0 |a 158.1 
090 0 0 |a 158.1   |b OLS 
100 1 # |a Olson, Deborah A   |e author 
245 1 0 |a SUCCESS :   |b the PSYCHOLOGY of ACHIEVEMENT / /   |c DEBORAH A. OLSON WITH MEGAN KAYE ; Illustrations Keith Hagan. 
246 0 # |a The psychology of achievement  |b A practical guide to unlocking your potential in every area of life 
264 # 0 |a London  |b DK  |c 2017 
264 # 0 |c ♭2017 
300 # # |a 224 pages:   |b colour illustrations;   |c 24cm. 
336 # # |a text  |2 rdacontent 
337 # # |a unmediated  |2 rdamedia 
338 # # |a volume  |2 rdacarrier 
500 # # |a Includes index 
504 # # |a Bibliography: pages 214-219 
583 # # |a LULUS 
650 # 0 |a Success --   |x Psychological aspects  
650 # 0 |a Self-actualization (Psychology)  
650 # 0 |a Performance  
650 # 0 |a Conduct of life  
650 # 0 |a Achievement motivation  
700 0 # |a Hagan, Keith  
700 0 # |a Kaye, Megan